[Event "Vlissingen HZ op 24th"]
[Site "Vlissingen"]
[Date "2022.08.12"]
[Round "8"]
[White "Haak, Eelco"]
[Black "Dougherty, Michael J"]
[Result "0-1"]
[WhiteElo "1933"]
[BlackElo "2071"]
[PlyCount "78"]
[EventDate "2022.08.06"]
[EventType "swiss"]
[EventRounds "9"]
[EventCountry "NED"]
[SourceTitle "CBM 209 Extra"]
[Source "ChessBase"]
[SourceDate "2022.09.30"]
[SourceVersion "1"]
[SourceVersionDate "2022.09.30"]
[SourceQuality "1"]

1. d4 Nf6 2. c4 c5 3. Nf3 cxd4 4. Nxd4 a6 5. Nc3 e6 6. g3 Qc7 7. Bg2 Qxc4 8. 0-0 Nc6 9. Nxc6 bxc6 10. Bg5 Be7 11. e4 h6 12. Bf4 0-0 13. a3 a5 14. Re1 Qa6 15. Qd2 d5 16. exd5 cxd5 17. Bf1 Qb6 18. Rac1 Bd7 19. Be3 Qd8 20. Bd4 Rc8 21. Bd3 Be8 22. Bb1 Bc5 23. Ne2 Bxd4 24. Qxd4 Bb5 25. Nc3 Ba6 26. Na4 Nd7 27. b4 axb4 28. axb4 Bc4 29. Bd3 e5 30. Qe3 d4 31. Qe2 Bd5 32. Be4 Rxc1 33. Rxc1 Nf6 34. Bxd5 Qxd5 35. Rc5 Qb3 36. Qc2 Qxb4 37. Rxe5 d3 38. Qd1 Ra8 39. Nc5 Qd4 0-1

[Event "Vlissingen HZ op 23rd"]
[Site "Vlissingen"]
[Date "2019.08.09"]
[Round "8"]
[White "Haak, Eelco"]
[Black "Leentjens, Gilbert"]
[Result "0-1"]
[WhiteElo "2003"]
[BlackElo "1869"]
[PlyCount "70"]
[EventDate "2019.08.03"]
[EventType "swiss"]
[EventRounds "9"]
[EventCountry "NED"]
[SourceTitle "CBM 191 Extra"]
[Source "ChessBase"]
[SourceDate "2019.09.30"]
[SourceVersion "1"]
[SourceVersionDate "2019.09.30"]
[SourceQuality "1"]

1. d4 Nf6 2. c4 g6 3. Nc3 d5 4. Bg5 Bg7 5. Nf3 dxc4 6. e4 c5 7. d5 b5 8. e5 b4 9. Nb5 a6 10. Bxf6 exf6 11. Nd6+ Kf8 12. Bxc4 fxe5 13. Nxf7 Kxf7 14. d6+ Be6 15. Bxe6+ Kxe6 16. Qb3+ Kf6 17. Nxe5 Kxe5 18. 0-0-0 Qg5+ 19. Rd2 Bh6 20. Re1+ Kf6 21. Re6+ Kg7 22. Re7+ Qxe7 23. dxe7 Nc6 24. Qe6 Rac8 25. a3 Bxd2+ 26. Kxd2 Rhe8 27. f4 Nd4 28. Qxa6 Rc7 29. g4 Rexe7 30. g5 Rc6 31. Qa8 Rd6 32. Qb8 Red7 33. Qc8 Ne6+ 34. Ke3 Rd3+ 35. Ke4 R7d4+ 0-1

[Event "Vlissingen HZ op 23rd"]
[Site "Vlissingen"]
[Date "2019.08.08"]
[Round "7"]
[White "Zevenhuizen, Daniel"]
[Black "Haak, Eelco"]
[Result "1-0"]
[WhiteElo "2152"]
[BlackElo "2003"]
[PlyCount "79"]
[EventDate "2019.08.03"]
[EventType "swiss"]
[EventRounds "9"]
[EventCountry "NED"]
[SourceTitle "CBM 191 Extra"]
[Source "ChessBase"]
[SourceDate "2019.09.30"]
[SourceVersion "1"]
[SourceVersionDate "2019.09.30"]
[SourceQuality "1"]

1. e4 e6 2. d4 d5 3. Nd2 Nf6 4. Bd3 c5 5. e5 Nfd7 6. c3 Nc6 7. Ne2 cxd4 8. cxd4 f6 9. Nf4 Nxd4 10. Qh5+ Ke7 11. Ng6+ hxg6 12. exf6+ Nxf6 13. Qxh8 Kf7 14. 0-0 e5 15. Nb3 Nxb3 16. axb3 Bf5 17. Bxf5 gxf5 18. Bg5 Bc5 19. Qh3 g6 20. Kh1 Qh8 21. Qd3 Rd8 22. Bxf6 Qxf6 23. f3 f4 24. Ra5 Qd6 25. Rd1 Rd7 26. Rc1 b6 27. Rcxc5 bxa5 28. Rxa5 Rc7 29. g3 fxg3 30. hxg3 Rc1+ 31. Kg2 Qc6 32. Rxd5 Qc2+ 33. Qd2 Qc6 34. Rd7+ Ke6 35. Rd6+ Qxd6 36. Qxc1 Kf6 37. Qc3 Qd1 38. Kf2 Qh1 39. Qc6+ Kf5 40. g4+ 1-0

[Event "Barcelona Sant Marti op 21st"]
[Site "Barcelona"]
[Date "2019.07.18"]
[Round "6"]
[White "Laddha, Yash Jayesh"]
[Black "Haak, Eelco"]
[Result "1/2-1/2"]
[WhiteElo "1592"]
[BlackElo "2034"]
[PlyCount "54"]
[EventDate "2019.07.13"]
[EventType "swiss"]
[EventRounds "9"]
[EventCountry "ESP"]
[SourceTitle "EXT 2020"]
[Source "ChessBase"]
[SourceDate "2019.10.17"]
[SourceVersion "1"]
[SourceVersionDate "2019.10.17"]
[SourceQuality "1"]

1. e4 e6 2. d4 d5 3. Nc3 Bb4 4. e5 c5 5. a3 Bxc3+ 6. bxc3 Ne7 7. Qg4 Qa5 8. Bd2 0-0 9. Bd3 f5 10. exf6 Rxf6 11. Nf3 Nbc6 12. Qh5 g6 13. Qh4 Rf7 14. 0-0 c4 15. Be2 Qa4 16. Ng5 Rg7 17. Bg4 Qxc2 18. Bf4 Nf5 19. Qh3 Bd7 20. Rfe1 Re8 21. Re2 Qd3 22. Rae1 h6 23. Nf3 h5 24. Bxf5 Qxf5 25. Qxf5 gxf5 26. Ng5 Nd8 27. h4 Rg6 1/2-1/2

[Event "Barcelona Sant Marti op 21st"]
[Site "Barcelona"]
[Date "2019.07.13"]
[Round "1"]
[White "Diaz Camallonga, Carles"]
[Black "Haak, Eelco"]
[Result "1-0"]
[WhiteElo "2444"]
[BlackElo "2034"]
[PlyCount "71"]
[EventDate "2019.07.13"]
[EventType "swiss"]
[EventRounds "9"]
[EventCountry "ESP"]
[SourceTitle "EXT 2020"]
[Source "ChessBase"]
[SourceDate "2019.10.17"]
[SourceVersion "1"]
[SourceVersionDate "2019.10.17"]
[SourceQuality "1"]

1. e4 e6 2. d4 d5 3. Nc3 Bb4 4. e5 c5 5. Bd2 Ne7 6. a3 Bxc3 7. Bxc3 Nbc6 8. Nf3 cxd4 9. Bxd4 Nf5 10. c3 Bd7 11. Be2 Ncxd4 12. Nxd4 Nxd4 13. Qxd4 0-0 14. 0-0 f6 15. Bd3 fxe5 16. Qxe5 Qf6 17. Rae1 Qxe5 18. Rxe5 Rf6 19. f4 g6 20. g3 Rc8 21. Rfe1 Kf7 22. Kf2 b6 23. R1e2 Ba4 24. Rd2 Bb3 25. h4 h5 26. Ke3 Ke7 27. Rg5 Kf7 28. Bb1 Rf5 29. Bxf5 exf5 30. g4 Re8+ 31. Kf2 hxg4 32. h5 gxh5 33. Rxf5+ Kg6 34. Rg5+ Kh6 35. Re2 Rf8 36. Re6+ 1-0

[Event "Barcelona Sant Marti op-A 20th"]
[Site "Barcelona"]
[Date "2018.07.17"]
[Round "5"]
[White "Haak, Eelco"]
[Black "Martinez Aguero, Francisco"]
[Result "1-0"]
[WhiteElo "2015"]
[BlackElo "1504"]
[PlyCount "75"]
[EventDate "2018.07.13"]
[EventType "swiss"]
[EventRounds "9"]
[EventCountry "ESP"]
[SourceTitle "CBM 185 Extra"]
[Source "ChessBase"]
[SourceDate "2018.07.29"]
[SourceVersion "1"]
[SourceVersionDate "2018.07.29"]
[SourceQuality "1"]

1. d4 d5 2. Nf3 c6 3. g3 Nf6 4. Bg2 Bg4 5. 0-0 e6 6. c4 Be7 7. Nc3 Nbd7 8. b3 0-0 9. h3 Bh5 10. g4 Bg6 11. Nh4 Ne4 12. Nxg6 Nxc3 13. Nxe7+ Qxe7 14. Qc2 Ne4 15. Bxe4 dxe4 16. Qxe4 Rfe8 17. Bb2 Qh4 18. Qg2 Qg5 19. f4 Qe7 20. e4 f6 21. e5 f5 22. gxf5 exf5 23. Rad1 b6 24. Qxc6 Nf8 25. Rd3 Ne6 26. Qg2 Rad8 27. d5 Nc5 28. Ba3 Qf7 29. Bxc5 bxc5 30. Qf2 Qc7 31. d6 Qa5 32. Rd5 Qc3 33. Qf3 Qa5 34. Rf2 Re6 35. Qe3 Qb4 36. Rg2 Rh6 37. e6 Qa5 38. e7 1-0

[Event "Barcelona Sant Marti op-A 20th"]
[Site "Barcelona"]
[Date "2018.07.16"]
[Round "4"]
[White "Bernat, Ernest"]
[Black "Haak, Eelco"]
[Result "1/2-1/2"]
[WhiteElo "1880"]
[BlackElo "2015"]
[PlyCount "61"]
[EventDate "2018.07.13"]
[EventType "swiss"]
[EventRounds "9"]
[EventCountry "ESP"]
[SourceTitle "CBM 185 Extra"]
[Source "ChessBase"]
[SourceDate "2018.07.29"]
[SourceVersion "1"]
[SourceVersionDate "2018.07.29"]
[SourceQuality "1"]

1. e4 e6 2. d4 d5 3. Nd2 Nf6 4. Bd3 c5 5. exd5 Qxd5 6. Ngf3 cxd4 7. Bc4 Qd6 8. 0-0 Nc6 9. Nb3 Be7 10. Nbxd4 Nxd4 11. Nxd4 a6 12. c3 Qc7 13. Qe2 0-0 14. Bb3 e5 15. Nc2 a5 16. Ne3 a4 17. Nd5 Nxd5 18. Bxd5 Ra6 19. Qc4 Qxc4 20. Bxc4 Rg6 21. Re1 Bh3 22. Bf1 Rd8 23. Be3 Bg4 24. Kh1 f5 25. f3 Bh5 26. Rad1 Rgd6 27. Rxd6 Bxd6 28. Rd1 Bf7 29. Bc5 Be7 30. Rxd8+ Bxd8 31. Bb5 1/2-1/2

[Event "Vlissingen HZ op 21st"]
[Site "Vlissingen"]
[Date "2017.08.08"]
[Round "5"]
[White "Haak, Eelco"]
[Black "Maas, Joop"]
[Result "1/2-1/2"]
[WhiteElo "2071"]
[BlackElo "1920"]
[PlyCount "57"]
[EventDate "2017.08.05"]
[EventType "swiss"]
[EventRounds "9"]
[EventCountry "NED"]
[SourceTitle "CBM 179 Extra"]
[Source "ChessBase"]
[SourceDate "2017.08.23"]
[SourceVersion "1"]
[SourceVersionDate "2017.08.23"]
[SourceQuality "1"]

1. d4 d5 2. Nf3 Nf6 3. g3 e6 4. Bg2 Be7 5. 0-0 0-0 6. b3 Nbd7 7. Bb2 c5 8. c4 b6 9. cxd5 exd5 10. Ne5 Bb7 11. e3 cxd4 12. exd4 b5 13. Re1 b4 14. a3 a5 15. axb4 Bxb4 16. Bc3 Qb6 17. Re3 Rfd8 18. Bh3 Nf8 19. Qf3 Bxc3 20. Nxc3 Qxd4 21. Rd1 Qb4 22. Red3 d4 23. Qf4 Ng6 24. Nxg6 hxg6 25. Ne2 Ba6 26. Rxd4 Rxd4 27. Nxd4 Re8 28. Qc1 Rd8 29. Nc6 1/2-1/2

[Event "Vlissingen HZ op 17th"]
[Site "Vlissingen"]
[Date "2013.08.08"]
[Round "7"]
[White "Berkovich, Mark A"]
[Black "Haak, Eelco"]
[Result "1-0"]
[WhiteElo "2375"]
[BlackElo "2056"]
[PlyCount "83"]
[EventDate "2013.08.03"]
[EventType "swiss"]
[EventRounds "9"]
[EventCountry "NED"]
[SourceTitle "CBM 155 Extra"]
[Source "ChessBase"]
[SourceDate "2013.08.26"]
[SourceVersion "1"]
[SourceVersionDate "2013.08.26"]
[SourceQuality "1"]

1. d4 d5 2. Nf3 Nf6 3. g3 c5 4. Bg2 cxd4 5. 0-0 Bg4 6. Nxd4 e5 7. Nf3 Nc6 8. c4 d4 9. b4 e4 10. b5 exf3 11. exf3 Be6 12. bxc6 bxc6 13. f4 Qd7 14. Nd2 Rc8 15. Nf3 Bc5 16. Bb2 0-0 17. Bxd4 Bxd4 18. Qxd4 Qxd4 19. Nxd4 Bxc4 20. Rfc1 Bd5 21. Nxc6 Rc7 22. Ne5 Rfc8 23. Rxc7 Rxc7 24. Rd1 Rc5 25. Nd7 Nxd7 26. Bxd5 Nb6 27. Bb3 Kf8 28. Kg2 Ke7 29. g4 h6 30. h4 f6 31. Kg3 a5 32. Rd4 Rc3+ 33. f3 Rc1 34. Re4+ Kd7 35. f5 Rc7 36. Re6 Rb7 37. Bc2 Rb8 38. Be4 Nc4 39. Ra6 Rb2 40. a4 Ra2 41. Bd5 Rxa4 42. Bc6+ 1-0

[Event "Vlissingen HZ op 16th"]
[Site "Vlissingen"]
[Date "2012.08.11"]
[Round "9"]
[White "Van de Griendt, Jan Willem"]
[Black "Haak, Eelco"]
[Result "1/2-1/2"]
[WhiteElo "1929"]
[BlackElo "2077"]
[PlyCount "133"]
[EventDate "2012.08.04"]
[EventType "swiss"]
[EventRounds "9"]
[EventCountry "NED"]
[SourceTitle "CBM 149 Extra"]
[Source "ChessBase"]
[SourceDate "2012.08.24"]
[SourceVersion "1"]
[SourceVersionDate "2012.08.24"]
[SourceQuality "1"]

1. e4 e6 2. d4 d5 3. e5 c5 4. c3 Nc6 5. Nf3 Bd7 6. Be2 f6 7. exf6 Nxf6 8. 0-0 Bd6 9. dxc5 Bxc5 10. Bf4 Nh5 11. Bg5 Be7 12. Nd4 Nf6 13. Bf3 0-0 14. Re1 Nxd4 15. Qxd4 Rc8 16. Nd2 Bc5 17. Qh4 h6 18. Be3 Bd6 19. Bd4 Qc7 20. Bxf6 Rxf6 21. Rad1 Qa5 22. c4 Bf4 23. Re2 Bxd2 24. Rexd2 Rxc4 25. Qg3 Qc7 26. Qh3 Rc1 27. Qh4 Qf4 28. Qxf4 Rxd1+ 29. Rxd1 Rxf4 30. Rc1 Bc6 31. h3 Kf7 32. Kf1 e5 33. Be2 Ke6 34. g3 Rf6 35. b4 Kd6 36. b5 Bd7 37. a4 Bxh3+ 38. Ke1 Bd7 39. a5 b6 40. axb6 axb6 41. Ra1 Kc5 42. Rc1+ Kd4 43. Rd1+ Kc5 44. Rc1+ Kd6 45. Ra1 Rf8 46. Ra7 Rd8 47. Rb7 Kc5 48. Rc7+ Kb4 49. Rb7 e4 50. Rxb6 d4 51. Rg6 d3 52. Bd1 Bxb5 53. Kd2 Kc5 54. Rxg7 Rd6 55. Ke3 Bc6 56. g4 Kc4 57. g5 hxg5 58. Rxg5 Bd5 59. Rg7 Kc3 60. Rc7+ Rc6 61. Rb7 Rc8 62. Rb5 Kc4 63. Rb1 Rc6 64. Rc1+ Kb4 65. Rxc6 Bxc6 66. f3 exf3 67. Kxd3 1/2-1/2

[Event "Mondariz op 9th"]
[Site "Mondariz Balneario"]
[Date "2011.08.24"]
[Round "3.9"]
[White "Monteiro, Jose Macedo"]
[Black "Haak, Eelco"]
[Result "1/2-1/2"]
[WhiteElo "1889"]
[BlackElo "2123"]
[PlyCount "68"]
[EventDate "2011.08.22"]
[EventType "swiss"]
[EventRounds "7"]
[EventCountry "ESP"]
[SourceTitle "EXT 2024"]
[Source "ChessBase"]
[SourceDate "2023.10.10"]
[SourceVersion "1"]
[SourceVersionDate "2023.10.10"]
[SourceQuality "1"]

1. e4 e6 2. d4 d5 3. Nd2 Nf6 4. e5 Nfd7 5. Ngf3 c5 6. c3 Nc6 7. Bd3 cxd4 8. cxd4 f6 9. exf6 Nxf6 10. 0-0 Bd6 11. Re1 0-0 12. Nb3 Bd7 13. Bg5 Qb6 14. Bh4 a5 15. Ne5 Be8 16. Nxc6 Qxc6 17. Rc1 Qb6 18. Qe2 Bd7 19. Nc5 Bxc5 20. Rxc5 Qb4 21. Rd1 Rae8 22. Bb1 e5 23. a3 exd4 24. axb4 Rxe2 25. bxa5 Rxb2 26. f3 Re8 27. Bd3 Ba4 28. Rb1 Ree2 29. Rxb2 Rxb2 30. Bxf6 gxf6 31. Rxd5 Rb4 32. Kf2 Bc6 33. Rc5 Ba4 34. Rd5 Bc6 1/2-1/2

[Event "Vlissingen HZ op 13th"]
[Site "Vlissingen"]
[Date "2009.08.06"]
[Round "7"]
[White "Van Gemert, Rogier"]
[Black "Haak, Eelco"]
[Result "1-0"]
[WhiteElo "1844"]
[BlackElo "2154"]
[PlyCount "93"]
[EventDate "2009.08.01"]
[EventType "swiss"]
[EventRounds "9"]
[EventCountry "NED"]
[SourceTitle "CBM 131 Extra"]
[Source "ChessBase"]
[SourceDate "2009.09.03"]
[SourceVersion "2"]
[SourceVersionDate "2009.09.16"]
[SourceQuality "1"]

1. Nf3 Nf6 2. d4 g6 3. Bg5 Bg7 4. Nbd2 0-0 5. e4 d6 6. c3 Nbd7 7. Qc2 h6 8. Bh4 c5 9. e5 dxe5 10. dxe5 Ng4 11. e6 Nde5 12. exf7+ Rxf7 13. h3 Bf5 14. Qb3 c4 15. Bxc4 Nxc4 16. Nxc4 b5 17. Rd1 Qc8 18. Ncd2 Be6 19. Qb4 a5 20. Qxb5 Rb8 21. Qe2 Rxf3 22. gxf3 Ne5 23. b3 Qxc3 24. Bg3 Bf5 25. Bxe5 Bxe5 26. Qc4+ e6 27. Qxc3 Bxc3 28. Ke2 a4 29. Ne4 Ba5 30. Rb1 Rb4 31. a3 Rd4 32. b4 Bb6 33. Rbd1 Rc4 34. Rhg1 g5 35. Rc1 Rd4 36. Rcd1 Rc4 37. Rc1 Rd4 38. Rgd1 Bxh3 39. Rxd4 Bxd4 40. Rh1 g4 41. fxg4 Bg2 42. Kd3 Bb2 43. Rb1 Bxa3 44. b5 Bxe4+ 45. Kxe4 Bd6 46. b6 Kf7 47. b7 1-0